[Event "Criciuma op-B"]
[Site "Criciuma"]
[Date "2024.01.17"]
[Round "8"]
[White "Da Rocha, Miguel Guerra"]
[Black "Theilacker, Lucas de Mira"]
[Result "1/2-1/2"]
[WhiteElo "1340"]
[BlackElo "1552"]
[PlyCount "52"]
[EventDate "2024.01.12"]
[EventType "swiss"]
[EventRounds "9"]
[EventCountry "BRA"]
[SourceTitle "CB04_2024"]
[SourceDate "2023.10.16"]
[SourceVersion "1"]
[SourceVersionDate "2023.10.16"]
[SourceQuality "1"]

1. e4 e6 2. d4 d5 3. Nd2 Nc6 4. Ngf3 Nf6 5. e5 Nd7 6. c3 f6 7. exf6 Qxf6 8. Be2 Bd6 9. 0-0 0-0 10. c4 Qg6 11. Re1 Nf6 12. Nf1 Ne4 13. Ng3 Nxg3 14. fxg3 b6 15. Bd3 Qg4 16. Kh1 h6 17. a3 Ba6 18. c5 Bxd3 19. cxd6 Be4 20. dxc7 Rxf3 21. Rxe4 Rf1+ 22. Qxf1 Qxe4 23. Bf4 Rf8 24. Qa6 Ne7 25. Bd6 Rf2 26. Rg1 Rxg2 1/2-1/2

[Event "Criciuma op-B"]
[Site "Criciuma"]
[Date "2024.01.15"]
[Round "5"]
[White "Batista, Leonardo Antonio"]
[Black "Da Rocha, Miguel Guerra"]
[Result "1-0"]
[WhiteElo "1640"]
[BlackElo "1340"]
[PlyCount "51"]
[EventDate "2024.01.12"]
[EventType "swiss"]
[EventRounds "9"]
[EventCountry "BRA"]
[SourceTitle "CB04_2024"]
[SourceDate "2023.10.16"]
[SourceVersion "1"]
[SourceVersionDate "2023.10.16"]
[SourceQuality "1"]

1. e4 c6 2. d4 d5 3. exd5 cxd5 4. c4 Nf6 5. Nc3 e6 6. Nf3 Be7 7. c5 0-0 8. b4 b6 9. Rb1 a5 10. a3 axb4 11. axb4 bxc5 12. bxc5 Nc6 13. Bb5 Bd7 14. Bxc6 Bxc6 15. Ne5 Qc7 16. 0-0 Rfc8 17. Bf4 Nd7 18. Nb5 Bxb5 19. Rxb5 Bf6 20. Nxd7 Qxd7 21. Qb3 Bxd4 22. Bd6 Bc3 23. Rb7 Qd8 24. Qxc3 Qxd6 25. Rxf7 Kxf7 26. Qf3+ 1-0

[Event "Criciuma op-B"]
[Site "Criciuma"]
[Date "2024.01.12"]
[Round "1"]
[White "Da Luz, Joao Victor Jacinth"]
[Black "Da Rocha, Miguel Guerra"]
[Result "0-1"]
[WhiteElo "1682"]
[BlackElo "1340"]
[PlyCount "58"]
[EventDate "2024.01.12"]
[EventType "swiss"]
[EventRounds "9"]
[EventCountry "BRA"]
[SourceTitle "CB04_2024"]
[SourceDate "2023.10.16"]
[SourceVersion "1"]
[SourceVersionDate "2023.10.16"]
[SourceQuality "1"]

1. e4 c6 2. d4 d5 3. e5 c5 4. Be3 cxd4 5. Qxd4 Nc6 6. Bb5 e6 7. Nc3 Bd7 8. Bxc6 bxc6 9. f4 c5 10. Qd3 d4 11. Ne4 dxe3 12. Nd6+ Bxd6 13. Qxd6 Ne7 14. 0-0-0 Rc8 15. c4 Nf5 16. Qa6 Qc7 17. h4 Nd4 18. Nf3 e2 19. Rd2 Nxf3 20. gxf3 Bc6 21. Re1 Bxf3 22. Qd6 Qxd6 23. Rxd6 0-0 24. Rd3 Bg4 25. Rg3 h5 26. Ra3 Rc7 27. Ra5 Rd8 28. a3 Rd1+ 29. Rxd1 exd1Q# 0-1

[Event "Criciuma op"]
[Site "Criciuma"]
[Date "2023.01.17"]
[Round "7"]
[White "Ferreira, Kauan Mariani"]
[Black "Da Rocha, Miguel Guerra"]
[Result "1-0"]
[WhiteElo "1435"]
[BlackElo "1800"]
[PlyCount "25"]
[EventDate "2023.01.13"]
[EventType "swiss"]
[EventRounds "9"]
[EventCountry "BRA"]
[SourceTitle "CBM 212 Extra"]
[Source "ChessBase"]
[SourceDate "2023.03.31"]
[SourceVersion "1"]
[SourceVersionDate "2023.03.31"]
[SourceQuality "1"]

1. e4 e6 2. Nc3 d5 3. Nf3 Nf6 4. e5 Nfd7 5. d4 c5 6. Bg5 Be7 7. Bxe7 Qxe7 8. Nb5 Nb6 9. Nd6+ Kf8 10. dxc5 Nc4 11. Bxc4 dxc4 12. Nxc8 Qc7 13. Qd6+ 1-0

[Event "Criciuma op"]
[Site "Criciuma"]
[Date "2023.01.15"]
[Round "3"]
[White "Leacina, Gisele Santiago"]
[Black "Da Rocha, Miguel Guerra"]
[Result "1-0"]
[WhiteElo "1326"]
[BlackElo "1800"]
[PlyCount "35"]
[EventDate "2023.01.13"]
[EventType "swiss"]
[EventRounds "9"]
[EventCountry "BRA"]
[SourceTitle "CBM 212 Extra"]
[Source "ChessBase"]
[SourceDate "2023.03.31"]
[SourceVersion "1"]
[SourceVersionDate "2023.03.31"]
[SourceQuality "1"]

1. e4 e6 2. d4 d5 3. Nc3 Nf6 4. e5 Nfd7 5. f4 c5 6. Nf3 Nc6 7. Be3 Be7 8. Be2 0-0 9. 0-0 f6 10. Qd2 cxd4 11. Nxd4 Nxd4 12. Bxd4 fxe5 13. fxe5 Bg5 14. Be3 Qb6 15. Rxf8+ Kxf8 16. Rf1+ Kg8 17. Nxd5 exd5 18. Qxd5+ 1-0